000 00384nam a22001571a 4500
020 _a9788120716087
082 _a374
_bGOM/A
100 _aGomathi Mani
245 _aAdult learning:
_btheory & practice/
_cby Gomathi Mani
260 _aNew Delhi:
_bSterling,
_c1994.
300 _a228p.
650 _aAdult Education
650 _aEducation
650 _aSocial Sciences
942 _cBK
999 _c1031
_d1031